| 000 | 00431nam a2200145Ia 4500 | ||
|---|---|---|---|
| 008 | 220204s9999 xx 000 0 und d | ||
| 082 |
_a574:577.337 _bKIN.1 |
||
| 100 | _aKing, Tsoo E | ||
| 245 | 0 | _aElectron and coupled energy transfer in biological systems. V 1. Pt B. | |
| 260 |
_aNew York _bMarcel Dekker _c1972 |
||
| 650 | _aCytochrome oxidase | ||
| 650 | _aElectron transport | ||
| 700 | _aKlingerberg, Martin | ||
| 942 | _cBK | ||
| 999 |
_c27014 _d27014 |
||